000 01144nam a2200289Ia 4500
001 ebr10447972
003 CaPaEBR
006 m u
007 cr cn|||||||||
008 100518s2010 enkab sb 001 0 eng d
020 _z190688417X
020 _z9781906884178
040 _aCaPaEBR
_cCaPaEBR
035 _a(OCoLC)708569288
050 1 4 _aG156.5.E26
_bG469 2010eb
245 0 0 _aGlobal geotourism perspectives
_h[electronic resource] /
_cedited by Ross K. Dowling, David Newsome.
260 _aWoodeaton, Oxford :
_bGoodfellow Publishers Ltd.,
_cc2010.
300 _axiv, 250 p. :
_bill., maps.
504 _aIncludes bibliographical references and index.
533 _aElectronic reproduction.
_bPalo Alto, Calif. :
_cebrary,
_d2011.
_nAvailable via World Wide Web.
_nAccess may be limited to ebrary affiliated libraries.
650 0 _aEcotourism.
650 0 _aTourism.
655 7 _aElectronic books.
_2local
700 1 _aDowling, Ross Kingston.
700 1 _aNewsome, David,
_d1951-
856 4 0 _uhttp://site.ebrary.com/lib/rucke/Doc?id=10447972
_zAn electronic book accessible through the World Wide Web; click to view
999 _c137149
_d137149